Apprendre l'italien : Compter de 1 à 20 (fr-->it) - Statistiques

Statistiques générales
  • Ce quiz a été pris 173 fois
  • Le résultat moyen est 18 sur 20
Statistiques - réponses
Hint Réponse % Correct
1 uno
99%
2 due
98%
8 otto
97%
4 quattro
97%
3 tre
97%
5 cinque
96%
9 nove
96%
6 sei
94%
7 sette
94%
13 tredici
91%
10 dieci
90%
14 quattordici
90%
19 diciannove
89%
15 quindici
88%
16 sedici
88%
11 undici
88%
20 venti
88%
18 diciotto
86%
12 dodici
86%
17 diciassette
82%
Aucun quiz correspondant
Distribution des résultats
% des personnes avec chaque résultat
Percentile par nombre de réponses
Votre historique - résultats
Vous n’avez pas pris ce quiz